000 00822nam a22002777a 4500
001 BR9103984
003 BR-BrBNA
005 20230928093629.0
007 ta
008 230509b bl.||||| |||| 00| 0 por d
040 _aBR-BrBNA
_bpor
_cBiblioteca Nacional de Agricultura
041 _a(Por)
072 _aQ60; E14
_b/G514
090 _ Q60 BR9103984
110 1 _aBanco Nacional de Desenvolvimento Economico, Rio de Janeiro, RJ (Brasil)
_91213
245 1 _aA participacao do sistema BNDES na evolucao so setor de papel e celulose no Brasil
260 3 _aRio de Janeiro, RJ (Brasil):
_c1991.
300 _a106 p.
500 _a20 ref.
650 _aPAPEL
650 _aCELULOSE
650 _aINDUSTRIALIZACAO
650 _aDESENVOLVIMENTO ECONOMICO
909 _a202309
_bLucia
_c55
_dLucia Elande
942 _cBK
999 _c46120
_d46120